000 00252nam a2200097Ia 4500
001 1253379
005 20251031150952.0
008 251031s9999 xx 000 0 und d
245 0 _cAHMET ŞİMŞİRGİL
_aY-5 ADALET USTALARI
260 _bDESTEK YAYINLARI
999 _c1253379
_d1253379